Charismatic development of air power/ (Record no. 11801)

MARC details
000 -LEADER
fixed length control field 00612 a2200193 4500
010 ## - LIBRARY OF CONGRESS CONTROL NUMBER
LC control number ENG-90006
020 ## - INTERNATIONAL STANDARD BOOK NUMBER
International Standard Book Number 8176672160
Terms of availability 395.00
035 ## - SYSTEM CONTROL NUMBER
System control number EN-73539
037 ## - SOURCE OF ACQUISITION
Source of stock number/acquisition DBAD / PUB
082 14 - DEWEY DECIMAL CLASSIFICATION NUMBER
Classification number 358.4
090 ## - LOCALLY ASSIGNED LC-TYPE CALL NUMBER (OCLC); LOCAL CALL NUMBER (OCLC)
-- 12155
-- 12155
100 1# - MAIN ENTRY--PERSONAL NAME
Personal name Goyal, S.N.
245 1# - TITLE STATEMENT
Title Charismatic development of air power/
Statement of responsibility, etc by S.N. Goyal
260 ## - PUBLICATION, DISTRIBUTION, ETC. (IMPRINT)
Place of publication, distribution, etc Delhi
Name of publisher, distributor, etc Bhavna Prakashan
Date of publication, distribution, etc 2008
270 ## - ADDRESS
Address 109-A, Patparganj,
City Delhi
Postal code 110 091
300 ## - PHYSICAL DESCRIPTION
Extent 248p.:
Dimensions 22 cm. (Hb)
Other physical details b&w photos
942 ## - ADDED ENTRY ELEMENTS (KOHA)
Institution code [OBSOLETE] dpl
Koha item type English Books
Call number prefix 358.4 / GOY
Holdings
Withdrawn status Lost status Source of classification or shelving scheme Damaged status Not for loan Collection code Home library Current library Source of acquisition Cost, normal purchase price Total Checkouts Full call number Barcode Date last seen Copy number Uniform Resource Identifier Cost, replacement price Price effective from Koha item type
    Dewey Decimal Classification   Not For Loan Non-fiction D.B.Act.Division D.B.Act.Division DBAD/PUB 395.00   358.4 GOY EN-73539 15/09/2008 1 12916 395.00 15/09/2008 English Books

© Delhi Public Library
Hit Counter
free hit counter